[Event "Stay Safe Play From Home 194"]
[Site "T#646519Emanuel Laske"]
[Date "2020.06.02"]
[Round "8"]
[White "Edmatuag"]
[Black "Konmos"]
[Result "0-1"]
[WhiteElo "1677"]
[BlackElo "1725"]
[Annotator "NA RC"]
[PlyCount "50"]
[EventDate "2020.06.02"]
[EventType "swiss (blitz)"]

1. e4 {[%emt 0:00:01]} d5 {[%emt 0:00:01]} 2. e5 {[%emt 0:00:02]} Nf6 {[%emt 0:00:00]} 3. exf6 {[%emt 0:00:02]} gxf6 {[%emt 0:00:00]} 4. d3 {[%emt 0:00:01]} e5 {[%emt 0:00:01]} 5. Bd2 {[%emt 0:00:01]} c5 {[%emt 0:00:01]} 6. Nc3 {[%emt 0:00:01]} d4 {[%emt 0:00:01]} 7. Ne4 {[%emt 0:00:01]} f5 {[%emt 0:00:00]} 8. Ng3 {[%emt 0:00:01]} Nc6 {[%emt 0:00:01]} 9. Qh5 {[%emt 0:00:02]} Qd7 {[%emt 0:00:04]} 10. Nf3 {[%emt 0:00:02]} Bd6 {[%emt 0:00:03]} 11. Nh4 {[%emt 0:00:02]} Ne7 {[%emt 0:00:02]} 12. Be2 {[%emt 0:00:04]} Qe6 {[%emt 0:00:00]} 13. Qh6 {[%emt 0:00:03]} f6 {[%emt 0:00:02]} 14. Qg7 {[%emt 0:00:03]} Rg8 {[%emt 0:00:06]} 15. Qxh7 {[%emt 0:00:01]} e4 {[%emt 0:00:00]} 16. dxe4 {[%emt 0:00:05]} Bxg3 {[%emt 0:00:03]} 17. hxg3 {[%emt 0:00:05]} fxe4 {[%emt 0:00:02]} 18. Bb5+ {[%emt 0:00:02]} Bd7 {[%emt 0:00:01]} 19. Bxd7+ {[%emt 0:00:01]} Kxd7 {[%emt 0:00:00]} 20. O-O-O {[%emt 0:00:05]} e3 {[%emt 0:00:02]} 21. fxe3 {[%emt 0:00:05]} Rxg3 {[%emt 0:00:00]} 22. exd4 {[%emt 0:00:02]} cxd4 {[%emt 0:00:02]} 23. Bf4 {[%emt 0:00:02]} Rg4 {[%emt 0:00:07]} 24. Rhe1 {[%emt 0:00:02]} Qg8 {[%emt 0:00:06]} 25. Qxe7+ {[%emt 0:00:03]} Kc6 {[%emt 0:00:00] Time (Lag: Av=0.89s, max=1.5s)} 0-1

[Event "Stay Safe Play From Home 194"]
[Site "T#646519Emanuel Laske"]
[Date "2020.06.02"]
[Round "8"]
[White "Trotsky"]
[Black "NeatFox"]
[Result "1-0"]
[WhiteElo "1554"]
[BlackElo "1867"]
[Annotator "NA RC"]
[PlyCount "51"]
[EventDate "2020.06.02"]
[EventType "swiss (blitz)"]

1. d4 {[%emt 0:00:01]} d5 {[%emt 0:00:01]} 2. e3 {[%emt 0:00:00]} e6 {[%emt 0:00:00]} 3. c4 {[%emt 0:00:01]} Nf6 {[%emt 0:00:01]} 4. Nc3 {[%emt 0:00:02]} dxc4 {[%emt 0:00:01]} 5. Bxc4 {[%emt 0:00:01]} Be7 {[%emt 0:00:00]} 6. Nf3 {[%emt 0:00:01]} O-O {[%emt 0:00:00]} 7. Qc2 {[%emt 0:00:00]} Nc6 {[%emt 0:00:01]} 8. a3 {[%emt 0:00:01]} Na5 {[%emt 0:00:01]} 9. Bd3 {[%emt 0:00:01]} g6 {[%emt 0:00:02]} 10. Ng5 {[%emt 0:00:01]} Re8 {[%emt 0:00:02]} 11. h4 {[%emt 0:00:01]} Nh5 {[%emt 0:00:02]} 12. g4 {[%emt 0:00:02]} Nf6 {[%emt 0:00:01]} 13. h5 {[%emt 0:00:01]} Nxg4 {[%emt 0:00:01]} 14. hxg6 {[%emt 0:00:02]} Bxg5 {[%emt 0:00:01]} 15. gxf7+ {[%emt 0:00:02]} Kxf7 {[%emt 0:00:01]} 16. Rxh7+ {[%emt 0:00:02]} Kf6 {[%emt 0:00:02]} 17. Ne4+ {[%emt 0:00:02]} Kg6 {[%emt 0:00:05]} 18. Nxg5+ {[%emt 0:00:04]} Kxg5 {[%emt 0:00:00]} 19. e4+ {[%emt 0:00:02]} Kf6 {[%emt 0:00:02]} 20. e5+ {[%emt 0:00:01]} Nxe5 {[%emt 0:00:02]} 21. dxe5+ {[%emt 0:00:01]} Kxe5 {[%emt 0:00:00]} 22. Be3 {[%emt 0:00:03]} Qd5 {[%emt 0:00:04]} 23. f4+ {[%emt 0:00:04]} Kd6 {[%emt 0:00:01]} 24. O-O-O {[%emt 0:00:01]} Re7 {[%emt 0:00:04]} 25. Be4 {[%emt 0:00:01]} Qxd1+ {[%emt 0:00:01]} 26. Qxd1# {[%emt 0:00:01] (Lag: Av=0.29s, max=0.8s)} 1-0

[Event "Stay Safe Play From Home 194"]
[Site "T#646519Emanuel Laske"]
[Date "2020.06.02"]
[Round "8"]
[White "Tobo Rubirosa"]
[Black "Fischer_11"]
[Result "0-1"]
[WhiteElo "1491"]
[BlackElo "2012"]
[Annotator "NA RC"]
[PlyCount "80"]
[EventDate "2020.06.02"]
[EventType "swiss (blitz)"]

1. e4 {[%emt 0:00:03]} Nf6 {[%emt 0:00:01]} 2. e5 {[%emt 0:00:02]} Nd5 {[%emt 0:00:00]} 3. c4 {[%emt 0:00:01]} Nb6 {[%emt 0:00:01]} 4. c5 {[%emt 0:00:00]} Nd5 {[%emt 0:00:01]} 5. Nc3 {[%emt 0:00:02]} Nxc3 {[%emt 0:00:01]} 6. dxc3 {[%emt 0:00:01]} d6 {[%emt 0:00:00]} 7. cxd6 {[%emt 0:00:03]} cxd6 {[%emt 0:00:00]} 8. exd6 {[%emt 0:00:01]} Qxd6 {[%emt 0:00:00]} 9. Qxd6 {[%emt 0:00:02]} exd6 {[%emt 0:00:00]} 10. Bb5+ {[%emt 0:00:02]} Nc6 {[%emt 0:00:02]} 11. Nf3 {[%emt 0:00:02]} Bd7 {[%emt 0:00:04]} 12. O-O {[%emt 0:00:01]} O-O-O {[%emt 0:00:01]} 13. Bg5 {[%emt 0:00:02]} f6 {[%emt 0:00:01]} 14. Bf4 {[%emt 0:00:01]} a6 {[%emt 0:00:02]} 15. Bxc6 {[%emt 0:00:02]} Bxc6 {[%emt 0:00:00]} 16. Nd4 {[%emt 0:00:01]} d5 {[%emt 0:00:02]} 17. Ne6 {[%emt 0:00:02]} Re8 {[%emt 0:00:02]} 18. Nxf8 {[%emt 0:00:00]} Rhxf8 {[%emt 0:00:00]} 19. Rfe1 {[%emt 0:00:01]} Kd7 {[%emt 0:00:03]} 20. Rxe8 {[%emt 0:00:02]} Rxe8 {[%emt 0:00:00]} 21. Kf1 {[%emt 0:00:03]} g5 {[%emt 0:00:01]} 22. Be3 {[%emt 0:00:02]} f5 {[%emt 0:00:01]} 23. Re1 {[%emt 0:00:01]} f4 {[%emt 0:00:01]} 24. Bd2 {[%emt 0:00:01]} Bb5+ {[%emt 0:00:00]} 25. Kg1 {[%emt 0:00:03]} Rxe1+ {[%emt 0:00:01]} 26. Bxe1 {[%emt 0:00:01]} h5 {[%emt 0:00:00]} 27. Bd2 {[%emt 0:00:01]} Ke6 {[%emt 0:00:01]} 28. h4 {[%emt 0:00:01]} Kf5 {[%emt 0:00:04]} 29. hxg5 {[%emt 0:00:01]} Kxg5 {[%emt 0:00:00]} 30. f3 {[%emt 0:00:00]} Kf5 {[%emt 0:00:01]} 31. Kf2 {[%emt 0:00:01]} Bc4 {[%emt 0:00:01]} 32. b3 {[%emt 0:00:05]} Bd3 {[%emt 0:00:01]} 33. a3 {[%emt 0:00:02]} b6 {[%emt 0:00:00]} 34. b4 {[%emt 0:00:01]} a5 {[%emt 0:00:01]} 35. Be1 {[%emt 0:00:02]} a4 {[%emt 0:00:02]} 36. Bd2 {[%emt 0:00:01]} d4 {[%emt 0:00:01]} 37. Bxf4 {[%emt 0:00:02]} dxc3 {[%emt 0:00:00]} 38. Bc1 {[%emt 0:00:02]} c2 {[%emt 0:00:00]} 39. g3 {[%emt 0:00:01]} Bc4 {[%emt 0:00:00]} 40. f4 {[%emt 0:00:01]} Bd5 {[%emt 0:00:00]} 0-1

[Event "Stay Safe Play From Home 194"]
[Site "T#646519Emanuel Laske"]
[Date "2020.06.02"]
[Round "9"]
[White "XShot"]
[Black "Haxhi Baha"]
[Result "1-0"]
[WhiteElo "2518"]
[BlackElo "1995"]
[Annotator "TA"]
[PlyCount "59"]
[EventDate "2020.06.02"]
[EventType "swiss (blitz)"]

{[%evp 9,59,0,4,0,49,47,47,51,118,111,314,303,487,482,464,477,517,443,445,415,633,553,841,825,887,857,953,945,4526,1090,29991,29992,29993,29993,29998,29987,29987,29987,29984,29985,29993,29992,29996,29997,29997,29998,29998,29997,29997,29997,29997,29995]} 1. d4 d5 2. Nf3 e6 3. Nc3 Bd6 4. Bg5 f6 5. Bh4 Ne7 6. e4 {[#] D00: 1 d4 d5: Unusual lines.} c6 $146 ({Predecessor:} 6... O-O 7. Bd3 c6 8. O-O Ng6 9. g3 b6 10. Re1 Qc7 11. exd5 exd5 12. Re2 Bg4 {0-1 (33) Chevalier,N (1499)-Fontanillas,C (1480) France 2007}) 7. Bd3 Ng6 8. Bg3 {White is slightly better.} Bxg3 ({Black should play} 8... Nf4 $14) 9. hxg3 $16 Nd7 $2 (9... f5 $16) 10. exd5 $18 {[#] aiming for Bxg6+.} f5 $2 (10... Ne7 {was necessary.} 11. d6 (11. dxe6 Nf8 $18) (11. Rxh7 Rxh7 12. Bxh7 exd5 $16) 11... Nf5 12. Bxf5 exf5 13. Qe2+ Kf7) 11. dxe6 Nf6 12. Bxf5 O-O 13. Qe2 {Bxg6 is the strong threat.} Re8 14. O-O-O Qa5 (14... Nf8 $142 15. d5 Nxd5 16. Nxd5 cxd5) 15. g4 b5 16. Kb1 b4 17. Ne4 Nxe4 18. Qxe4 Bb7 19. Ne5 Nxe5 20. Bxh7+ {White mates.} Kf8 21. dxe5 Ke7 22. Bf5 Rad8 23. Rd7+ Rxd7 24. exd7 Rd8 25. Qe3 Qb6 26. Qg5+ {[%mdl 64] [#] Double Attack} Kf7 27. e6+ Kg8 28. Bh7+ Kf8 29. e7+ Kf7 30. exd8=Q {Black did not feel at home in the position after the opening. Accuracy: White = 76%, Black = 20%.} 1-0

[Event "Stay Safe Play From Home 194"]
[Site "T#646519Emanuel Laske"]
[Date "2020.06.02"]
[Round "9"]
[White "SoulofWolf"]
[Black "Don59as"]
[Result "1-0"]
[WhiteElo "2235"]
[BlackElo "2128"]
[Annotator "NA RC"]
[PlyCount "81"]
[EventDate "2020.06.02"]
[EventType "swiss (blitz)"]

1. Nf3 {[%emt 0:00:00]} d5 {[%emt 0:00:01]} 2. b3 {[%emt 0:00:02]} e6 {[%emt 0:00:01]} 3. Bb2 {[%emt 0:00:00]} Nf6 {[%emt 0:00:00]} 4. d3 {[%emt 0:00:00]} Be7 {[%emt 0:00:00]} 5. Nbd2 {[%emt 0:00:00]} O-O {[%emt 0:00:01]} 6. g3 {[%emt 0:00:01]} c5 {[%emt 0:00:01]} 7. Bg2 {[%emt 0:00:00]} Nc6 {[%emt 0:00:01]} 8. O-O {[%emt 0:00:00]} b6 {[%emt 0:00:00]} 9. e4 {[%emt 0:00:00]} dxe4 {[%emt 0:00:01]} 10. dxe4 {[%emt 0:00:01]} Qc7 {[%emt 0:00:02]} 11. Qe2 {[%emt 0:00:00]} e5 {[%emt 0:00:01]} 12. c3 {[%emt 0:00:01]} a5 {[%emt 0:00:02]} 13. a4 {[%emt 0:00:01]} Ba6 {[%emt 0:00:01]} 14. Nc4 {[%emt 0:00:02]} Rad8 {[%emt 0:00:03]} 15. Rfd1 {[%emt 0:00:01]} h6 {[%emt 0:00:02]} 16. h4 {[%emt 0:00:01]} Rxd1+ {[%emt 0:00:01]} 17. Rxd1 {[%emt 0:00:01]} Re8 {[%emt 0:00:02]} 18. Bf1 {[%emt 0:00:01]} Bf8 {[%emt 0:00:01]} 19. Qe3 {[%emt 0:00:01]} Ng4 {[%emt 0:00:01]} 20. Qd3 {[%emt 0:00:06]} Nd4 {[%emt 0:00:02]} 21. cxd4 {[%emt 0:00:03]} exd4 {[%emt 0:00:00]} 22. Kg2 {[%emt 0:00:06]} Bd6 {[%emt 0:00:06]} 23. e5 {[%emt 0:00:03]} Nxe5 {[%emt 0:00:02]} 24. Nfxe5 {[%emt 0:00:00]} Bxe5 {[%emt 0:00:01]} 25. Qf3 {[%emt 0:00:01]} Bb7 {[%emt 0:00:02]} 26. Be2 {[%emt 0:00:03]} Bxf3+ {[%emt 0:00:02]} 27. Bxf3 {[%emt 0:00:00]} Bf6 {[%emt 0:00:01]} 28. Rd2 {[%emt 0:00:01]} Re1 {[%emt 0:00:02]} 29. Na3 {[%emt 0:00:06]} Qe5 {[%emt 0:00:02]} 30. Nb5 {[%emt 0:00:00]} Qf5 {[%emt 0:00:02]} 31. Nd6 {[%emt 0:00:02]} Qb1 {[%emt 0:00:02]} 32. Nc4 {[%emt 0:00:06]} Rg1+ {[%emt 0:00:01]} 33. Kh3 {[%emt 0:00:00]} Qf1+ {[%emt 0:00:01]} 34. Kg4 {[%emt 0:00:02]} g5 {[%emt 0:00:02]} 35. h5 {[%emt 0:00:01]} Rh1 {[%emt 0:00:04]} 36. Bxh1 {[%emt 0:00:02]} Qxh1 {[%emt 0:00:01]} 37. Re2 {[%emt 0:00:01]} Kg7 {[%emt 0:00:02]} 38. Re8 {[%emt 0:00:00]} Qd1+ {[%emt 0:00:02]} 39. Re2 {[%emt 0:00:00]} Qxe2+ {[%emt 0:00:01]} 40. Kh3 {[%emt 0:00:00]} Qxf2 {[%emt 0:00:01]} 41. Ne3 {[%emt 0:00:01] Time (Lag: Av=0.51s, max=1.1s)} 1-0

[Event "Stay Safe Play From Home 194"]
[Site "T#646519Emanuel Laske"]
[Date "2020.06.02"]
[Round "9"]
[White "Bellbox"]
[Black "Trotsky"]
[Result "1-0"]
[WhiteElo "2125"]
[BlackElo "1583"]
[Annotator "TA"]
[PlyCount "51"]
[EventDate "2020.06.02"]
[EventType "swiss (blitz)"]

{[%evp 9,50,21,30,23,49,8,42,-5,58,16,11,17,26,0,181,0,252,239,301,321,300,293,543,538,546,406,1419,1023,846,518,1322,478,1100,1110,1081,1078,29989,29990,29990,29991,29998,29992,29999]} 1. e4 c5 2. c3 e6 3. d4 d5 4. exd5 exd5 5. Nf3 Be6 6. Bb5+ {B22: Sicilian: 2 c3.} Nc6 7. Ne5 Qc7 8. O-O {[#] White is slightly better.} c4 $146 (8... Bd6 $11) ({Predecessor:} 8... a6 9. Bxc6+ bxc6 10. Qa4 cxd4 11. cxd4 Ne7 12. Bf4 Qb6 13. Nc3 f6 14. Nd3 Ng6 {1-0 (26) Kristovic,M (2307)-Rancic,D (2005) Zagreb 2015}) 9. Bf4 {Threatens to win with Ng6!} Bd6 $1 10. Re1 Nf6 11. b3 {[%cal Rb3c4]} O-O-O $2 {[#] Black is now going downhill.} (11... O-O $11) 12. bxc4 $2 (12. Bxc6 $1 $18 bxc6 13. Nd2) 12... h5 $2 {[%mdl 8192] [#]} (12... Nxe5 $1 $11 13. Rxe5 (13. Bxe5 Bxe5 14. dxe5 dxc4 $11) (13. dxe5 Bc5 $11) 13... Bd7) 13. Bxc6 $1 $18 bxc6 14. c5 Bxe5 15. Bxe5 ({Much less strong is} 15. Rxe5 $6 Ng4 $18) 15... Qe7 $2 (15... Qa5 16. Nd2 Kb7 17. Rb1+ Ka8) 16. Nd2 Ng4 17. Bg3 f6 (17... h4 $142 18. Bf4 Qf6) 18. h3 h4 19. Qxg4 f5 (19... Rde8 $142 20. Bd6 Qxd6 21. cxd6 Bxg4 22. hxg4 Kd7) 20. Qxf5 (20. Qe2 $142 {Rab1 is the strong threat.} hxg3 21. Rab1) 20... hxg3 (20... Bxf5 $142 21. Rxe7 hxg3 22. Rxa7 gxf2+ 23. Kxf2 Be4 24. Nxe4 Rhf8+ 25. Kg1 dxe4 26. Rxg7 Rf6) 21. Rxe6 gxf2+ {[#]} 22. Kf1 $1 Rdf8 23. Rxc6+ {[%mdl 64] Discovered Attack (Double check). White mates.} Kb7 24. Qxd5 Rf5 25. Rb1+ Ka8 26. Rc8# {Accuracy: White = 38%, Black = 32%.} 1-0

[Event "Stay Safe Play From Home 194"]
[Site "T#646519Emanuel Laske"]
[Date "2020.06.02"]
[Round "9"]
[White "Lazieri3"]
[Black "AChessPlayer"]
[Result "0-1"]
[WhiteElo "2015"]
[BlackElo "2353"]
[Annotator "TA"]
[PlyCount "100"]
[EventDate "2020.06.02"]
[EventType "swiss (blitz)"]

{[%evp 9,99,7,7,14,35,26,26,2,23,13,23,-4,19,14,205,14,45,20,4,-40,34,-135,95,94,87,-409,-159,-141,-162,-182,-178,-175,-172,-195,-198,-197,-161,-145,-116,-119,-103,-177,-154,-145,-85,-72,-28,-216,-182,-177,-179,-170,-75,-377,-70,-89,-51,-164,-154,-147,-152,-331,-325,-246,114,81,80,84,142,131,310,286,399,389,399,-1103,-1095,-575,0,-4631,-4618,-29994,-29995,-29996,-29997,-29997,-29998,-29998,-29998,-29999,-29998,-29999]} 1. e4 e5 2. Nc3 c6 3. Nf3 d6 4. d4 Qc7 5. dxe5 dxe5 6. Bc4 {C41: Philidor Defence.} h6 7. O-O Nf6 8. h3 {White has an edge.} Be7 {[#]} (8... b5 $5 {[%cal Rb5c4]} 9. Bd3 Be6 $11) 9. Qe2 $146 ({Predecessor:} 9. a3 Nbd7 10. b4 Nf8 11. Be3 g5 12. Nh2 Ng6 13. f3 Nf4 14. Ng4 Bxg4 15. fxg4 {0-1 (24) Plummer,M (1295)-Noble,J (1230) LSS email 2008}) 9... Nbd7 10. Rd1 Nf8 11. Be3 g5 $2 (11... b5 $11 12. Bd3 Ng6) 12. a3 $2 (12. Nxe5 $1 $18 Qxe5 13. Bd4) 12... Ng6 13. Nh2 Rg8 14. Ng4 Nf4 ({Better is} 14... Bxg4 $15 15. hxg4 Nf4) 15. Bxf4 $2 (15. Nxf6+ $14 {keeps the upper hand.} Bxf6 16. Qd2) 15... gxf4 $2 (15... Bxg4 $1 $17 16. hxg4 gxf4) 16. Nxh6 $16 {[%mdl 64] Double Attack} Rg7 17. Nxf7 $2 {[%mdl 8192]} (17. Nf5 $16 {keeps the pressure on.} Bxf5 18. exf5) 17... Rxf7 $2 (17... Bxh3 $1 $19 {has better winning chances.} 18. Qf3 Bg4 {[%mdl 64] Skewer}) 18. Bxf7+ $17 Kxf7 19. Rd2 Be6 {[%mdl 1024] Black has strong compensation.} 20. Rad1 Rg8 21. Kf1 b5 22. Qf3 a6 23. Ne2 b4 24. axb4 Bxb4 25. Nc3 (25. Rd3 $17) 25... Bc4+ 26. Kg1 Be7 (26... Kg7 $142 27. g4 a5) 27. Na4 Qa5 28. Qc3 $2 (28. b3 $11) 28... Qxc3 29. Nxc3 f3 $1 $36 {[%mdl 2048] Black is really pushing.} 30. g3 Ke6 (30... a5 $19 {is more deadly.} 31. Re1 Bb4) 31. Na4 $2 {[%mdl 8192]} (31. b3 $17 {is tougher.} Bb5 32. Nxb5 axb5 33. Rd3) 31... Bb5 $2 (31... Nxe4 $19 32. Rd3 Bxd3 33. Rxd3 Rd8 34. Rxd8 Bxd8) 32. Nc3 $15 Bb4 {Strongly threatening ...Bxc3.} 33. Nxb5 (33. Rd8 $1 $15) 33... Bxd2 $19 ({Worse is} 33... axb5 34. Rd3 $11) 34. Nc7+ Kd7 35. Nxa6 $2 (35. Ne8 $17 Rxe8 36. Rxd2+ Ke7 37. Rd3) 35... Nxe4 36. b4 {Black must now prevent Nc5+.} Ra8 $2 ({Black should try} 36... Ke6 $19 37. Nc5+ Nxc5 38. Rxd2 Nd7) 37. Nc5+ $16 Nxc5 38. bxc5 Ke6 (38... Ke7 $142 39. Rxd2 Ra1+ 40. Kh2 Re1) 39. Rxd2 {[%mdl 4096] Endgame KR-KR} e4 $2 (39... Kf5 $16) 40. Kh2 $18 Ke5 41. g4 Ra1 42. Kg3 $4 {[%mdl 8192]} (42. Rd7 $18) 42... Rg1+ $19 43. Kh4 {[#]} Kf4 $2 (43... Rg2 $1 $19 {And now ...e3! would win.} 44. Kg5 {[#]} e3 $1 {[%mdl 512]}) 44. g5 $2 {[%mdl 8192]} (44. Rd8 $11 Rg2 45. Rf8+ Ke5 46. c3) 44... e3 45. g6 exd2 {Black mates.} 46. g7 d1=Q 47. g8=Q Rxg8 {[%cal Rg8h8]} 48. Kh5 Qd8 {[%csl Gf4,Gg8][%cal Rd8g5]} 49. Kh6 Qf8+ 50. Kh7 Qg7# {Accuracy: White = 41%, Black = 41%.} 0-1

[Event "Stay Safe Play From Home 194"]
[Site "T#646519Emanuel Laske"]
[Date "2020.06.02"]
[Round "9"]
[White "Fischer_11"]
[Black "Broken sword"]
[Result "0-1"]
[WhiteElo "2014"]
[BlackElo "2526"]
[Annotator "NA RC"]
[PlyCount "72"]
[EventDate "2020.06.02"]
[EventType "swiss (blitz)"]

1. e4 {[%emt 0:00:01]} e6 {[%emt 0:00:01]} 2. d4 {[%emt 0:00:01]} d5 {[%emt 0:00:00]} 3. Nd2 {[%emt 0:00:00]} Nf6 {[%emt 0:00:01]} 4. e5 {[%emt 0:00:01]} Nfd7 {[%emt 0:00:01]} 5. f4 {[%emt 0:00:00]} c5 {[%emt 0:00:00]} 6. c3 {[%emt 0:00:00]} g6 {[%emt 0:00:01]} 7. Ndf3 {[%emt 0:00:00]} Nc6 {[%emt 0:00:00]} 8. g3 {[%emt 0:00:01]} cxd4 {[%emt 0:00:00]} 9. f5 {[%emt 0:00:00]} gxf5 {[%emt 0:00:01]} 10. cxd4 {[%emt 0:00:00]} Qb6 {[%emt 0:00:01]} 11. Bh3 {[%emt 0:00:00]} Qa6 {[%emt 0:00:02]} 12. Ne2 {[%emt 0:00:00]} Bb4+ {[%emt 0:00:02]} 13. Kf2 {[%emt 0:00:00]} Nf8 {[%emt 0:00:02]} 14. Kg2 {[%emt 0:00:00]} Ng6 {[%emt 0:00:01]} 15. g4 {[%emt 0:00:00]} fxg4 {[%emt 0:00:01]} 16. Bxg4 {[%emt 0:00:00]} h5 {[%emt 0:00:00]} 17. Bh3 {[%emt 0:00:01]} Nce7 {[%emt 0:00:00]} 18. Rg1 {[%emt 0:00:01]} Bd7 {[%emt 0:00:02]} 19. Kh1 {[%emt 0:00:01]} Bb5 {[%emt 0:00:01]} 20. Nf4 {[%emt 0:00:02]} Nxf4 {[%emt 0:00:01]} 21. Bxf4 {[%emt 0:00:00]} Be2 {[%emt 0:00:01]} 22. Qb3 {[%emt 0:00:06]} Qc4 {[%emt 0:00:03]} 23. Qxc4 {[%emt 0:00:03]} Bxf3+ {[%emt 0:00:02]} 24. Bg2 {[%emt 0:00:03]} Bxg2+ {[%emt 0:00:01]} 25. Rxg2 {[%emt 0:00:00]} dxc4 {[%emt 0:00:00]} 26. a3 {[%emt 0:00:03]} Ba5 {[%emt 0:00:01]} 27. b4 {[%emt 0:00:00]} Bb6 {[%emt 0:00:02]} 28. a4 {[%emt 0:00:01]} a6 {[%emt 0:00:02]} 29. Be3 {[%emt 0:00:03]} Nd5 {[%emt 0:00:01]} 30. Bg1 {[%emt 0:00:02]} h4 {[%emt 0:00:01]} 31. a5 {[%emt 0:00:01]} Ba7 {[%emt 0:00:02]} 32. Rf2 {[%emt 0:00:01]} Rc8 {[%emt 0:00:01]} 33. Rc1 {[%emt 0:00:03]} Rh7 {[%emt 0:00:01]} 34. Rfc2 {[%emt 0:00:01]} c3 {[%emt 0:00:00]} 35. Rg2 {[%emt 0:00:05]} Kd7 {[%emt 0:00:01]} 36. Rg7 {[%emt 0:00:01]} Rxg7 {[%emt 0:00:01] Fischer_11 gibt auf (Lag: Av=0.25s, max=0.8s)} 0-1

[Event "Stay Safe Play From Home 194"]
[Site "T#646519Emanuel Laske"]
[Date "2020.06.02"]
[Round "9"]
[White "Buzaglo"]
[Black "Tobo Rubirosa"]
[Result "1-0"]
[WhiteElo "1845"]
[BlackElo "1490"]
[Annotator "NA RC"]
[PlyCount "57"]
[EventDate "2020.06.02"]
[EventType "swiss (blitz)"]

1. d4 {[%emt 0:00:01]} Nf6 {[%emt 0:00:02]} 2. Nf3 {[%emt 0:00:00]} g6 {[%emt 0:00:01]} 3. g3 {[%emt 0:00:00]} Bg7 {[%emt 0:00:01]} 4. Bg2 {[%emt 0:00:00]} O-O {[%emt 0:00:01]} 5. O-O {[%emt 0:00:00]} d6 {[%emt 0:00:01]} 6. c4 {[%emt 0:00:00]} c5 {[%emt 0:00:01]} 7. Nc3 {[%emt 0:00:00]} Nc6 {[%emt 0:00:01]} 8. d5 {[%emt 0:00:01]} Na5 {[%emt 0:00:01]} 9. Qa4 {[%emt 0:00:02]} Bd7 {[%emt 0:00:02]} 10. Qc2 {[%emt 0:00:07]} Nxc4 {[%emt 0:00:02]} 11. Nb5 {[%emt 0:00:01]} Bxb5 {[%emt 0:00:03]} 12. b3 {[%emt 0:00:01]} Nb6 {[%emt 0:00:02]} 13. Rb1 {[%emt 0:00:01]} Nbd7 {[%emt 0:00:04]} 14. a4 {[%emt 0:00:01]} Ba6 {[%emt 0:00:01]} 15. b4 {[%emt 0:00:01]} cxb4 {[%emt 0:00:01]} 16. Rxb4 {[%emt 0:00:01]} Rc8 {[%emt 0:00:00]} 17. Qd1 {[%emt 0:00:02]} Qc7 {[%emt 0:00:01]} 18. Be3 {[%emt 0:00:02]} b6 {[%emt 0:00:02]} 19. a5 {[%emt 0:00:02]} bxa5 {[%emt 0:00:03]} 20. Ra4 {[%emt 0:00:01]} Bb5 {[%emt 0:00:03]} 21. Ra1 {[%emt 0:00:02]} a4 {[%emt 0:00:01]} 22. Rc1 {[%emt 0:00:01]} Qa5 {[%emt 0:00:05]} 23. Rb1 {[%emt 0:00:02]} Ng4 {[%emt 0:00:03]} 24. Bd2 {[%emt 0:00:02]} Qa6 {[%emt 0:00:03]} 25. Re1 {[%emt 0:00:02]} a3 {[%emt 0:00:02]} 26. h3 {[%emt 0:00:02]} a2 {[%emt 0:00:01]} 27. Ra1 {[%emt 0:00:04]} Bxa1 {[%emt 0:00:03]} 28. Qxa1 {[%emt 0:00:00]} Ngf6 {[%emt 0:00:05]} 29. e4 {[%emt 0:00:02] Tiempo (Lag: Av=0.82s, max=1.1s)} 1-0

[Event "Stay Safe Play From Home 194"]
[Site "T#646519Emanuel Laske"]
[Date "2020.06.02"]
[Round "9"]
[White "Konmos"]
[Black "Emresenar"]
[Result "0-1"]
[WhiteElo "1740"]
[BlackElo "1779"]
[Annotator "NA RC"]
[PlyCount "90"]
[EventDate "2020.06.02"]
[EventType "swiss (blitz)"]

1. f4 {[%emt 0:00:01]} d5 {[%emt 0:00:01]} 2. e4 {[%emt 0:00:01]} dxe4 {[%emt 0:00:01]} 3. Nc3 {[%emt 0:00:00]} e5 {[%emt 0:00:01]} 4. Nxe4 {[%emt 0:00:04]} exf4 {[%emt 0:00:01]} 5. Qe2 {[%emt 0:00:01]} Qh4+ {[%emt 0:00:01]} 6. g3 {[%emt 0:00:02]} fxg3 {[%emt 0:00:01]} 7. Nxg3+ {[%emt 0:00:00]} Qe7 {[%emt 0:00:01]} 8. Bg2 {[%emt 0:00:02]} Qxe2+ {[%emt 0:00:02]} 9. N1xe2 {[%emt 0:00:00]} Nf6 {[%emt 0:00:01]} 10. O-O {[%emt 0:00:00]} Bc5+ {[%emt 0:00:00]} 11. d4 {[%emt 0:00:03]} Bb6 {[%emt 0:00:01]} 12. Bg5 {[%emt 0:00:00]} Nbd7 {[%emt 0:00:05]} 13. c4 {[%emt 0:00:02]} c6 {[%emt 0:00:03]} 14. Rae1 {[%emt 0:00:04]} O-O {[%emt 0:00:02]} 15. Kh1 {[%emt 0:00:03]} h6 {[%emt 0:00:01]} 16. Bxf6 {[%emt 0:00:04]} Nxf6 {[%emt 0:00:00]} 17. c5 {[%emt 0:00:02]} Bc7 {[%emt 0:00:01]} 18. Nc3 {[%emt 0:00:01]} Be6 {[%emt 0:00:01]} 19. Nce4 {[%emt 0:00:02]} Nxe4 {[%emt 0:00:01]} 20. Nxe4 {[%emt 0:00:00]} Bd5 {[%emt 0:00:01]} 21. Rf4 {[%emt 0:00:02]} Bxe4 {[%emt 0:00:02]} 22. Rfxe4 {[%emt 0:00:02]} Bd8 {[%emt 0:00:03]} 23. b4 {[%emt 0:00:00]} Bf6 {[%emt 0:00:01]} 24. a4 {[%emt 0:00:01]} Rfd8 {[%emt 0:00:01]} 25. Rd1 {[%emt 0:00:04]} Kf8 {[%emt 0:00:01]} 26. Rg4 {[%emt 0:00:01]} Rd7 {[%emt 0:00:03]} 27. d5 {[%emt 0:00:01]} cxd5 {[%emt 0:00:01]} 28. Rxd5 {[%emt 0:00:00]} Rad8 {[%emt 0:00:01]} 29. Rxd7 {[%emt 0:00:02]} Rxd7 {[%emt 0:00:00]} 30. Be4 {[%emt 0:00:01]} Bg5 {[%emt 0:00:05]} 31. h4 {[%emt 0:00:02]} Rd1+ {[%emt 0:00:01]} 32. Kg2 {[%emt 0:00:01]} Bf6 {[%emt 0:00:02]} 33. Bxb7 {[%emt 0:00:02]} Rd2+ {[%emt 0:00:01]} 34. Kf3 {[%emt 0:00:01]} Rd3+ {[%emt 0:00:01]} 35. Ke2 {[%emt 0:00:00]} Rb3 {[%emt 0:00:03]} 36. b5 {[%emt 0:00:01]} Rb2+ {[%emt 0:00:01]} 37. Kd3 {[%emt 0:00:01]} Ke7 {[%emt 0:00:01]} 38. Kc4 {[%emt 0:00:00]} Ra2 {[%emt 0:00:01]} 39. Kd5 {[%emt 0:00:00]} Rd2+ {[%emt 0:00:01]} 40. Kc6 {[%emt 0:00:00]} Re2 {[%emt 0:00:00]} 41. Re4+ {[%emt 0:00:00]} Rxe4 {[%emt 0:00:01]} 42. b6 {[%emt 0:00:00]} Re6+ {[%emt 0:00:00]} 43. Kb5 {[%emt 0:00:00]} axb6 {[%emt 0:00:00]} 44. cxb6 {[%emt 0:00:01]} Rxb6+ {[%emt 0:00:00]} 45. Kxb6 {[%emt 0:00:01]} Bd4+ {[%emt 0:00:00] Zeit (Lag: Av=0.66s, max=1.1s) .} 0-1